000 00875nam a2200229 i 4500
001 180137
003 ES-MaACL
005 20251220171943.0
008 120423s1956 mx |||| | spa d
080 _a009"19"
100 1 _aKrutch, Joseph Wood.
_968925
245 1 1 _a¿Son dignas se conservarse las humanidades? /
_cJoseph Wood Krutch.
260 _aMéxico :
_bUniversidad Nacional de México,
_c1956.
300 _a8 p. ;
_c22 cm.
490 1 _aSeminario de Problemas Científicos y Filosóficos. Suplementos ;
_v3
595 _aPubl. en: The Saturday Review, Jun. 4, p. 22-24 ; Jun. 11, p. 22-23 (1955)
650 0 4 _aHumanidades-
_yS.XX.
_913501
710 2 _aUniversidad Nacional Autónoma de México.
_97397
830 0 _aSeminario de Problemas Científicos y Filosóficos. Suplementos
_v3
_9190619
852 _aES-MaACL
_j2297-F-2
999 _c180137
_d180137